000 00321nam a2200121Ia 4500
005 20251222155054.0
008 251222s9999||||xx |||||||||||||| ||spa||
082 _aADM.55
100 _aLic. MEERHOFF.Ricardo
245 0 _aDescentralización, financiamiento, costeo y autogestión de
264 _bNo tiene
942 _cLIB
999 _c37414
_d37414